[Event "OPEN B - XVII MIEDZYNARODOWY FESTIWAL S"]
[Site "GOLD CHESS Open  - Rewal"]
[Date "2012.??.??"]
[Round "4.28"]
[White "Wilk, Tomasz"]
[Black "Hagner, Pawel"]
[Result "1/2-1/2"]
[WhiteElo "1667"]
[BlackElo "1823"]
[PlyCount "87"]
[EventDate "2012.??.??"]

1. c4 g6 2. Nc3 Bg7 3. g3 d6 4. Bg2 c5 5. Nf3 Nc6 6. O-O Nf6 7. d4 O-O 8. dxc5
dxc5 9. Be3 Qa5 10. Qb3 Ng4 11. Bd2 Qd8 12. Rfd1 Nd4 13. Nxd4 cxd4 14. Be1 Qc7
15. Nd5 Qe5 16. h3 Nf6 17. f4 Qh5 18. Nxe7+ Kh8 19. Nxc8 Raxc8 20. Rxd4 Qxe2
21. Bb4 Rfd8 22. Bf1 Qe6 23. Rxd8+ Rxd8 24. Re1 Ne4 25. Qe3 Bd4 26. Bc3 Nxc3
27. Qxd4+ Rxd4 28. Rxe6 fxe6 29. bxc3 Rd2 30. Bg2 b6 31. a4 a5 32. Bc6 Kg7 33.
Kf1 Rd3 34. Kf2 Rxc3 35. Bb5 Kf6 36. Kg2 e5 37. fxe5+ Kxe5 38. h4 h5 39. Kh3
Kf6 40. Kg2 g5 41. hxg5+ Kxg5 42. Kf2 Rc2+ 43. Kf3 Rc3+ 44. Kf2 1/2-1/2

[Event "OPEN B - XVII MIEDZYNARODOWY FESTIWAL S"]
[Site "GOLD CHESS Open  - Rewal"]
[Date "2012.??.??"]
[Round "4.29"]
[White "Knap, Jerzy"]
[Black "Jaskiewicz, Kamila"]
[Result "1-0"]
[WhiteElo "1798"]
[BlackElo "1661"]
[PlyCount "63"]
[EventDate "2012.??.??"]

1. d4 d5 2. c4 Nf6 3. cxd5 Nxd5 4. e4 Nb6 5. Nf3 e6 6. Nc3 c5 7. Bb5+ Bd7 8.
O-O a6 9. Bxd7+ N8xd7 10. Bf4 cxd4 11. Qxd4 Nf6 12. Qxd8+ Kxd8 13. Rfd1+ Ke8
14. Bc7 Nbd7 15. e5 Rc8 16. Bd6 Ng4 17. h3 Nh6 18. Ne4 Nf5 19. Rac1 Rxc1 20.
Rxc1 Ne7 21. Rc7 b6 22. Ra7 f6 23. Rxa6 Nd5 24. Ra8+ Kf7 25. Rd8 Nxe5 26. Nxe5+
fxe5 27. Bxe5 Rg8 28. Ng5+ Ke7 29. Rb8 h6 30. Rb7+ Ke8 31. Nxe6 g6 32. Bd4 1-0

[Event "OPEN B - XVII MIEDZYNARODOWY FESTIWAL S"]
[Site "GOLD CHESS Open  - Rewal"]
[Date "2012.??.??"]
[Round "4.30"]
[White "Bobryk, Konrad"]
[Black "Janke, Georg"]
[Result "1-0"]
[WhiteElo "1616"]
[BlackElo "1794"]
[PlyCount "75"]
[EventDate "2012.??.??"]

1. d4 Nf6 2. c4 e6 3. Nc3 Bb4 4. Qc2 c5 5. e3 d6 6. Bd3 Nc6 7. Nge2 e5 8. d5
Ne7 9. O-O Bxc3 10. Nxc3 Bd7 11. a3 b6 12. b4 Qc8 13. bxc5 dxc5 14. a4 Bf5 15.
e4 Bd7 16. f4 Ng6 17. f5 Ne7 18. Bg5 Neg8 19. Rfb1 h6 20. Bh4 Nh7 21. a5 Rb8
22. Nb5 Bxb5 23. Rxb5 Ngf6 24. axb6 axb6 25. Ra7 O-O 26. Qb2 Rd8 27. Qxe5 Re8
28. Qb2 Ra8 29. Rxa8 Qxa8 30. e5 Ng4 31. e6 fxe6 32. fxe6 Qa4 33. Bxh7+ Kxh7
34. Qb3 Qa1+ 35. Qb1+ Qxb1+ 36. Rxb1 Ne3 37. d6 g5 38. d7 1-0

[Event "OPEN B - XVII MIEDZYNARODOWY FESTIWAL S"]
[Site "GOLD CHESS Open  - Rewal"]
[Date "2012.??.??"]
[Round "4.31"]
[White "Szeglowski, Tomasz"]
[Black "Nun, Ryszard"]
[Result "1-0"]
[WhiteElo "1757"]
[BlackElo "1652"]
[PlyCount "60"]
[EventDate "2012.??.??"]

1. c4 Nf6 2. Nc3 g6 3. g3 d5 4. cxd5 Nxd5 5. Bg2 c6 6. Qb3 Nb6 7. Nf3 Bg7 8.
O-O O-O 9. d4 Be6 10. Qc2 N8d7 11. h3 Nf6 12. e4 Qc8 13. Kh2 h6 14. b3 Nh7 15.
Ba3 Qc7 16. Rad1 Rad8 17. Ne2 Rc8 18. Nh4 g5 19. Nf3 f6 20. Ne1 f5 21. f4 fxe4
22. Qxe4 Qd7 23. Nf3 Bf5 24. Qe3 Nd5 25. Qd2 gxf4 26. Nxf4 Nxf4 27. gxf4 Be4
28. Ne5 Qd5 29. Ng6 Bf6 30. Nxf8 Rxf8 1-0

[Event "OPEN B - XVII MIEDZYNARODOWY FESTIWAL S"]
[Site "GOLD CHESS Open  - Rewal"]
[Date "2012.??.??"]
[Round "4.32"]
[White "Sikorski, Tomasz"]
[Black "Woloch, Oskar"]
[Result "0-1"]
[WhiteElo "1735"]
[BlackElo "1564"]
[PlyCount "68"]
[EventDate "2012.??.??"]

1. e4 e5 2. Nc3 Nc6 3. f4 exf4 4. d4 Bb4 5. Bxf4 Nf6 6. e5 Ne4 7. Qd3 Bxc3+ 8.
bxc3 d5 9. Nf3 Bf5 10. Qe3 Qe7 11. Bd3 Na5 12. g4 Bxg4 13. Bxe4 dxe4 14. Qxe4
O-O-O 15. Rg1 f5 16. Qd3 Qf7 17. Kf2 h6 18. h3 Bxf3 19. Qxf3 g5 20. Be3 Rhf8
21. Rab1 Qxa2 22. Rgc1 Qd5 23. Qe2 Nc4 24. Rb4 Nxe3 25. Qxe3 f4 26. Qe2 f3 27.
Qd3 Qd7 28. Qe4 Qd5 29. Qg4+ Kb8 30. Re1 Rf4 31. Qg3 a5 32. Ra4 Qb5 33. Raa1
Qb2 34. Rec1 Qxc3 0-1

[Event "OPEN B - XVII MIEDZYNARODOWY FESTIWAL S"]
[Site "GOLD CHESS Open  - Rewal"]
[Date "2012.??.??"]
[Round "4.35"]
[White "Baran, Dawid"]
[Black "Przybylska, Agata"]
[Result "0-1"]
[WhiteElo "1740"]
[BlackElo "1689"]
[PlyCount "104"]
[EventDate "2012.??.??"]

1. e4 e6 2. d4 d5 3. e5 c5 4. c3 Nc6 5. Nf3 Qb6 6. Bd3 Bd7 7. dxc5 Bxc5 8. O-O
Qc7 9. Re1 Nge7 10. Be3 Bxe3 11. Rxe3 Ng6 12. Bxg6 hxg6 13. Na3 a6 14. c4 d4
15. Re1 Rh5 16. c5 Nxe5 17. Nxe5 Rxe5 18. Qxd4 Rh5 19. h3 Kf8 20. Red1 Rd5 21.
Qe3 Rf5 22. Rac1 Bc6 23. Nc4 Bd5 24. Nd6 Rh5 25. a3 Qc6 26. f3 a5 27. b4 axb4
28. axb4 b5 29. Qd3 Rb8 30. Ra1 Rg5 31. Ra7 f6 32. Kh2 Ra8 33. Rxa8+ Qxa8 34.
Nxb5 Qb8+ 35. Kh1 Qg3 36. Qe2 Bc4 37. Rd8+ Ke7 38. Qd2 Bxb5 39. f4 Qxg2+ 40.
Qxg2 Rxg2 41. Rb8 Bc6 42. Rb6 Bd5 43. Rb8 Rf2+ 44. Kg1 Rxf4 45. b5 Rc4 46. Rc8
Kd7 47. Rg8 Rxc5 48. Rxg7+ Kd6 49. Rxg6 Ke5 50. h4 Rxb5 51. h5 Rb7 52. Rh6 Be4
0-1

[Event "OPEN B - XVII MIEDZYNARODOWY FESTIWAL S"]
[Site "GOLD CHESS Open  - Rewal"]
[Date "2012.??.??"]
[Round "4.36"]
[White "Wodecki, Michal"]
[Black "Huchler, Harald"]
[Result "1-0"]
[WhiteElo "1440"]
[BlackElo "1446"]
[PlyCount "81"]
[EventDate "2012.??.??"]

1. e4 c5 2. c3 e6 3. d4 cxd4 4. cxd4 d5 5. e5 Nc6 6. Nf3 Bb4+ 7. Nc3 Nge7 8.
Be2 Nf5 9. a3 Be7 10. O-O O-O 11. b4 a6 12. Bb2 f6 13. Bd3 fxe5 14. dxe5 Bd7
15. Rc1 Be8 16. Qc2 Bg6 17. Qb1 Qe8 18. Na4 Nxb4 19. Nc5 Nxd3 20. Nxd3 Rc8 21.
Nf4 Bc5 22. Nxg6 Qxg6 23. Rc3 b5 24. Rfc1 Nh4 25. Qxg6 Nxg6 26. Rxc5 Ra8 27.
Ng5 Nf4 28. R5c2 h6 29. Nf3 Rad8 30. Kf1 Nd3 31. Rb1 g5 32. Bd4 g4 33. Ne1 Nf4
34. Rc6 Ra8 35. g3 Nh3 36. Rxe6 Rf5 37. Re7 Raf8 38. Nd3 Rf3 39. Rd1 h5 40. e6
Ng5 41. Rg7+ 1-0

[Event "OPEN B - XVII MIEDZYNARODOWY FESTIWAL S"]
[Site "GOLD CHESS Open  - Rewal"]
[Date "2012.??.??"]
[Round "4.38"]
[White "Czerniawski, Krzysztof"]
[Black "Wodecki, Mikolaj"]
[Result "1-0"]
[WhiteElo "1569"]
[BlackElo "1300"]
[PlyCount "37"]
[EventDate "2012.??.??"]

1. e4 e5 2. Nf3 Nc6 3. Bc4 Nf6 4. d3 d6 5. c3 Be6 6. Bb5 Qd7 7. Ba4 Be7 8. Nbd2
O-O-O 9. b4 a6 10. Bb3 d5 11. O-O Ng4 12. h3 Nh6 13. a4 g5 14. b5 Nb8 15. Nxe5
Qd6 16. d4 f6 17. Ba3 c5 18. Bxc5 Qc7 19. b6 1-0

[Event "OPEN B - XVII MIEDZYNARODOWY FESTIWAL S"]
[Site "GOLD CHESS Open  - Rewal"]
[Date "2012.??.??"]
[Round "5.2"]
[White "Reza, Wojciech"]
[Black "Budzinski, Jan"]
[Result "0-1"]
[WhiteElo "2090"]
[BlackElo "1913"]
[PlyCount "84"]
[EventDate "2012.??.??"]

1. a3 h6 2. e4 c6 3. d4 d5 4. exd5 cxd5 5. c4 Nf6 6. Nc3 Nc6 7. Nf3 Bg4 8. cxd5
Nxd5 9. Be2 e6 10. O-O Be7 11. Qd3 O-O 12. Rd1 Bf6 13. Ne4 Bxf3 14. Nxf6+ Qxf6
15. Bxf3 Rfd8 16. Qe4 Nde7 17. Be3 Nf5 18. Rac1 Nfxd4 19. Bg4 Nb5 20. Qc2 Nc7
21. Rxd8+ Rxd8 22. Bxa7 Qg5 23. Bf3 Nxa7 24. Qxc7 Rc8 25. Qxc8+ Nxc8 26. Rxc8+
Kh7 27. g3 Qe5 28. Rc3 b6 29. Kg2 Qd4 30. Rc2 e5 31. h4 e4 32. Be2 g5 33. b4 e3
34. Rc7 Qd5+ 35. Kg1 Qd2 36. Rxf7+ Kg8 37. Rf3 Qxe2 38. Rxe3 Qd1+ 39. Kg2 Qd5+
40. Kh2 Kf7 41. Kg1 Kf6 42. g4 Qd1+ 0-1

[Event "OPEN B - XVII MIEDZYNARODOWY FESTIWAL S"]
[Site "GOLD CHESS Open  - Rewal"]
[Date "2012.??.??"]
[Round "5.3"]
[White "Sroka, Janusz"]
[Black "Ziaja, Krystian"]
[Result "0-1"]
[WhiteElo "2109"]
[BlackElo "1822"]
[PlyCount "96"]
[EventDate "2012.??.??"]

1. e4 c6 2. d4 d5 3. e5 Bf5 4. Nf3 e6 5. Be2 Be7 6. O-O g5 7. Ne1 Nd7 8. Be3
Qc7 9. Nd2 O-O-O 10. c3 f6 11. exf6 Ngxf6 12. c4 Rdg8 13. c5 h5 14. b4 g4 15.
b5 Nb8 16. Qa4 h4 17. Nd3 Bxd3 18. Bxd3 g3 19. fxg3 hxg3 20. h3 Rh4 21. Rab1
Ng4 22. Bf4 e5 23. Bf5+ Kd8 24. b6 axb6 25. Rxb6 exf4 26. Rfb1 Bxc5 27. Rxb7
Qe5 28. Qa5+ Ke8 29. Bxg4 Rgxg4 30. Rxb8+ Kf7 31. R1b7+ Kg6 32. Rg8+ Kh6 33.
Rh8+ Qxh8 34. Qxc5 Rg6 35. Nf3 Qe8 36. Re7 Qb8 37. Qc2 Rh5 38. a4 Qf8 39. Rc7
Qe8 40. Qd2 Qe4 41. Rf7 Rf5 42. Rxf5 Qxf5 43. Qd1 Qe4 44. Ne5 Re6 45. Ng4+ Kg6
46. Kf1 c5 47. dxc5 Qc4+ 48. Kg1 Qd4+ 0-1

[Event "OPEN B - XVII MIEDZYNARODOWY FESTIWAL S"]
[Site "GOLD CHESS Open  - Rewal"]
[Date "2012.??.??"]
[Round "5.4"]
[White "Swiatloch, Tomasz"]
[Black "Gora, Jan"]
[Result "1/2-1/2"]
[WhiteElo "2099"]
[BlackElo "1975"]
[PlyCount "72"]
[EventDate "2012.??.??"]

1. e4 c5 2. Nc3 Nc6 3. f4 g6 4. Nf3 Bg7 5. Bb5 Nd4 6. O-O Nxb5 7. Nxb5 d6 8. d3
Bd7 9. Nc3 Bc6 10. Bd2 Nf6 11. Qe1 Qc7 12. Rb1 d5 13. e5 Nd7 14. e6 fxe6 15.
Qxe6 Nf8 16. Qe2 O-O-O 17. b4 d4 18. Ne4 cxb4 19. Rxb4 e5 20. fxe5 Ne6 21. Nd6+
Rxd6 22. exd6 Qxd6 23. Rc4 Re8 24. Re1 b5 25. Rb4 Ng5 26. Qf1 Nxf3+ 27. gxf3
Rf8 28. Qh3+ Bd7 29. Qg2 Bh6 30. Rf1 Be3+ 31. Kh1 Bc6 32. Bxe3 Qxb4 33. Qg4+
Kb7 34. Qxd4 Qxd4 35. Bxd4 Rxf3 36. Kg1 Rxf1+ 1/2-1/2

[Event "OPEN B - XVII MIEDZYNARODOWY FESTIWAL S"]
[Site "GOLD CHESS Open  - Rewal"]
[Date "2012.??.??"]
[Round "5.5"]
[White "Bes, Michal"]
[Black "Grochulski, Grzegorz"]
[Result "0-1"]
[WhiteElo "1977"]
[BlackElo "2095"]
[PlyCount "72"]
[EventDate "2012.??.??"]

1. e4 g6 2. d4 Bg7 3. Nc3 d6 4. Be3 a6 5. Qd2 b5 6. f3 Nd7 7. h4 h6 8. h5 g5 9.
f4 gxf4 10. Bxf4 c5 11. Be3 Ngf6 12. dxc5 Nxc5 13. O-O-O b4 14. Bxc5 bxc3 15.
Qxc3 O-O 16. Bd4 e5 17. Be3 Nxe4 18. Qc6 Bf5 19. Bd3 Rc8 20. Qxa6 Ra8 21. Qc4
d5 22. Bxe4 Bxe4 23. Qxe4 dxe4 24. Rxd8 Rfxd8 25. a3 f5 26. g3 Kh7 27. Ne2 Rf8
28. Rd1 Rad8 29. Rxd8 Rxd8 30. b4 Bf6 31. Kb2 f4 32. Bb6 Rd2 33. Nc3 e3 34. Ne4
Bg5 35. Kc3 Rd1 36. Kc4 e2 0-1

[Event "OPEN B - XVII MIEDZYNARODOWY FESTIWAL S"]
[Site "GOLD CHESS Open  - Rewal"]
[Date "2012.??.??"]
[Round "5.6"]
[White "Malec, Sebastian"]
[Black "Widla, Piotr"]
[Result "0-1"]
[WhiteElo "2093"]
[BlackElo "1961"]
[PlyCount "120"]
[EventDate "2012.??.??"]

1. e4 c5 2. Nf3 e6 3. d4 cxd4 4. Nxd4 a6 5. Nc3 d6 6. Bd3 Nf6 7. O-O Be7 8. Kh1
e5 9. Nde2 Nc6 10. Nd5 Nxd5 11. exd5 Nb4 12. Bc4 Qc7 13. Bb3 Bf5 14. Bd2 a5 15.
Bxb4 axb4 16. Qe1 O-O 17. Qxb4 Bf6 18. Ng3 Bd7 19. Rae1 Ra6 20. c3 Rfa8 21. Qe4
Rxa2 22. Bxa2 Rxa2 23. Ra1 Rxb2 24. Ra8+ Bd8 25. f4 f6 26. fxe5 dxe5 27. d6 Qb6
28. Qd5+ Kf8 29. Qxe5 Kf7 30. Qh5+ Kg8 31. Nf5 g6 32. Ne7+ Kg7 33. Qd5 Qf2 34.
Raa1 Qe2 35. Rae1 Qc2 36. Qf3 f5 37. Qg3 Qd2 38. Rd1 Qe2 39. Rfe1 Qc2 40. Qe5+
Kh6 41. Qe3+ Kg7 42. Qd4+ Kh6 43. Qe3+ Kg7 44. Qf3 Rb6 45. Rc1 Qd2 46. Red1 Qg5
47. Qh3 Be6 48. c4 Bxe7 49. dxe7 Qxe7 50. Qc3+ Qf6 51. Rg1 Qxc3 52. Rxc3 Kf7
53. h4 Ke7 54. Kh2 Rb2 55. Kh3 Rb4 56. Rgc1 Kf6 57. g3 h6 58. R1c2 g5 59. hxg5+
hxg5 60. Rf2 Rxc4 0-1

[Event "OPEN B - XVII MIEDZYNARODOWY FESTIWAL S"]
[Site "GOLD CHESS Open  - Rewal"]
[Date "2012.??.??"]
[Round "5.7"]
[White "Jacek, Krystian"]
[Black "Kuspak, Aleksander"]
[Result "1/2-1/2"]
[WhiteElo "2071"]
[BlackElo "1866"]
[PlyCount "41"]
[EventDate "2012.??.??"]

1. e4 c5 2. Nf3 e6 3. d4 cxd4 4. Nxd4 a6 5. Bd3 d6 6. O-O Nf6 7. Nc3 Be7 8. Be3
Nbd7 9. f4 Qc7 10. Qf3 g6 11. Kh1 e5 12. Nb3 b5 13. a4 b4 14. Na2 Rb8 15. Qe2
O-O 16. Rac1 Qc6 17. a5 Re8 18. Bd2 d5 19. exd5 Nxd5 20. f5 N7f6 21. Rce1
1/2-1/2

[Event "OPEN B - XVII MIEDZYNARODOWY FESTIWAL S"]
[Site "GOLD CHESS Open  - Rewal"]
[Date "2012.??.??"]
[Round "5.8"]
[White "Zurkowski, Andrzej"]
[Black "Misztal, Piotr"]
[Result "1/2-1/2"]
[WhiteElo "2017"]
[BlackElo "1778"]
[PlyCount "89"]
[EventDate "2012.??.??"]

1. b3 Nf6 2. Bb2 e6 3. e3 d5 4. f4 c5 5. Nf3 Nc6 6. Bb5 Bd6 7. Bxc6+ bxc6 8.
O-O O-O 9. Ne5 Qc7 10. Qe1 Nd7 11. Nxd7 Bxd7 12. d3 f6 13. Nd2 e5 14. f5 e4 15.
h3 exd3 16. cxd3 Rfe8 17. Qf2 Bc8 18. Rfe1 Bg3 19. Qf3 Bxe1 20. Rxe1 Qa5 21.
Rd1 Qxa2 22. Bxf6 gxf6 23. Qg3+ Kh8 24. Qd6 Be6 25. fxe6 Qc2 26. Rf1 Qxd2 27.
Rxf6 Qxe3+ 28. Kh2 Qg5 29. Rf7 Rg8 30. g4 Rac8 31. e7 Rce8 32. Qe6 c4 33. bxc4
a5 34. cxd5 cxd5 35. Kg3 d4 36. Kg2 Rb8 37. Rf2 Rge8 38. Rf7 Qg8 39. Rf6 Qg5
40. Rf7 a4 41. h4 Qd2+ 42. Rf2 Qe3 43. Qf6+ Kg8 44. Qf7+ Kh8 45. Qf6+ 1/2-1/2

[Event "OPEN B - XVII MIEDZYNARODOWY FESTIWAL S"]
[Site "GOLD CHESS Open  - Rewal"]
[Date "2012.??.??"]
[Round "5.9"]
[White "Nikitin, Aleksander I"]
[Black "Czepczynski, Boguslaw"]
[Result "1-0"]
[WhiteElo "2094"]
[BlackElo "1971"]
[PlyCount "143"]
[EventDate "2012.??.??"]

1. d4 g6 2. Nf3 Bg7 3. Bf4 c5 4. e3 d6 5. Nbd2 Nf6 6. h3 O-O 7. c3 Nc6 8. Be2
a6 9. a4 b6 10. O-O Bb7 11. Re1 Ra7 12. Bf1 Nd5 13. Bh2 Nf6 14. Nb3 Ne4 15. Bd3
Nb8 16. a5 Nd7 17. Qc2 Ndf6 18. c4 d5 19. cxd5 Bxd5 20. axb6 Qxb6 21. Nxc5 Nxc5
22. dxc5 Qb7 23. e4 Bc6 24. Ra5 Qb4 25. Ra2 Rd8 26. Be5 a5 27. Re2 a4 28. Ra3
Rad7 29. Bc3 Qxc5 30. Bxf6 Qxc2 31. Rxc2 Bxf6 32. Rxc6 Bxb2 33. Ra2 a3 34. Bc4
e6 35. Be2 Kg7 36. g3 h6 37. h4 Kf6 38. Kg2 g5 39. hxg5+ hxg5 40. g4 Rh8 41.
Rc5 Rg8 42. Rc6 Rh8 43. Rc4 Rhd8 44. Rb4 Rc8 45. Raxb2 axb2 46. Rxb2 Rcd8 47.
Rb5 Rg8 48. Rc5 Rg7 49. Rc8 Ke7 50. Bb5 Rb7 51. Bc6 Ra7 52. Bb5 Kf6 53. Rc6 Ke7
54. Rc8 f6 55. Rc6 f5 56. exf5 exf5 57. Nd4 Rf7 58. Nxf5+ Rxf5 59. gxf5 Ra5 60.
Bd3 Ra3 61. Be4 Ra4 62. f3 g4 63. Re6+ Kf7 64. fxg4 Ra3 65. g5 Rc3 66. Rc6 Re3
67. Rc7+ Kf8 68. Bd5 Rd3 69. Be6 Re3 70. Kf2 Rd3 71. f6 Rd8 72. g6 1-0

[Event "OPEN B - XVII MIEDZYNARODOWY FESTIWAL S"]
[Site "GOLD CHESS Open  - Rewal"]
[Date "2012.??.??"]
[Round "5.10"]
[White "Hasinski, Krystian"]
[Black "Hasanov, Sahib"]
[Result "1-0"]
[WhiteElo "1925"]
[BlackElo "2068"]
[PlyCount "147"]
[EventDate "2012.??.??"]

1. d4 Nf6 2. Nf3 e6 3. c4 Bb4+ 4. Nc3 O-O 5. Qc2 d5 6. a3 Be7 7. Bf4 c6 8. e3
Nbd7 9. h3 Re8 10. cxd5 exd5 11. b4 Nf8 12. Bd3 Bd6 13. Bxd6 Qxd6 14. O-O h6
15. b5 g5 16. bxc6 bxc6 17. Bf5 c5 18. dxc5 Qxc5 19. Ne2 Qxc2 20. Bxc2 Ba6 21.
Rfe1 Rac8 22. Ned4 Ng6 23. Ba4 Red8 24. Nc6 Rd7 25. Nb4 Rd6 26. Nxa6 Rxa6 27.
Bb5 Ra5 28. a4 a6 29. Bd3 Nd7 30. Nd4 Rc3 31. Bxg6 fxg6 32. Reb1 Rac5 33. a5
Kf7 34. Kh2 Ke7 35. Rb7 Rc7 36. Rb2 R3c5 37. Kg3 Rc4 38. h4 gxh4+ 39. Kxh4 R7c6
40. Kg3 Rf6 41. Rb7 Kd8 42. Ra7 Rc7 43. Ra8+ Ke7 44. Rh8 h5 45. Rb1 Kf7 46. f3
Kg7 47. Rd8 Kf7 48. Rb2 Ke7 49. Ra8 Rd6 50. Kf4 Kf7 51. Kg5 Kg7 52. Rb3 Rf6 53.
Rd8 Rd6 54. Rbb8 Kf7 55. Rh8 Nxb8 56. Rh7+ Kg8 57. Rxc7 Nd7 58. Nc6 Kf8 59.
Rc8+ Kf7 60. Rd8 Ke6 61. Nd4+ Ke7 62. Rh8 Re6 63. Rb8 Kf7 64. Kf4 Rf6+ 65. Kg3
Ne5 66. Rb7+ Kg8 67. Nc2 Nc4 68. e4 Nxa5 69. Ra7 dxe4 70. fxe4 Rb6 71. Nd4 Nb7
72. Kf4 a5 73. Kg5 Kg7 74. Ne6+ 1-0

[Event "OPEN B - XVII MIEDZYNARODOWY FESTIWAL S"]
[Site "GOLD CHESS Open  - Rewal"]
[Date "2012.??.??"]
[Round "5.11"]
[White "Rak, Tomasz"]
[Black "Kalmuk, Krzysztof"]
[Result "1-0"]
[WhiteElo "2066"]
[BlackElo "1857"]
[PlyCount "113"]
[EventDate "2012.??.??"]

1. d4 Nf6 2. Nf3 g6 3. c4 Bg7 4. Nc3 O-O 5. e4 d6 6. h3 Nbd7 7. Bd3 e5 8. d5 a5
9. Bg5 h6 10. Be3 Qe7 11. Qd2 Kh7 12. g4 Ng8 13. O-O-O b6 14. Rdg1 Nc5 15. Bc2
Bd7 16. a4 f5 17. gxf5 gxf5 18. exf5 Bxf5 19. Bxf5+ Rxf5 20. Qc2 Raf8 21. Ne4
Nxe4 22. Qxe4 Kh8 23. Nh4 Qd7 24. Ng6+ Kh7 25. Nxf8+ Bxf8 26. Rg3 Nf6 27. Qc2
Kh8 28. Rhg1 Qh7 29. Rg6 Rf3 30. Kb1 Nh5 31. Qe2 Nf4 32. Qxf3 Nxg6 33. Qf5 Nh4
34. Qxh7+ Kxh7 35. Kc2 Ng6 36. Kd3 Kg7 37. h4 Kf7 38. h5 Ne7 39. Ke4 Bg7 40. b3
Ng8 41. Kf5 Ne7+ 42. Kg4 Ng8 43. Rf1 Bf6 44. f4 exf4 45. Bxf4 Kg7 46. Kf5 Kf7
47. Re1 Bc3 48. Re6 Bg7 49. Be3 Bf8 50. Bd4 Be7 51. Rg6 Bf8 52. Rxg8 Kxg8 53.
Ke6 Bg7 54. Bxg7 Kxg7 55. Kd7 Kf6 56. Kxc7 Kg5 57. Kxd6 1-0

[Event "OPEN B - XVII MIEDZYNARODOWY FESTIWAL S"]
[Site "GOLD CHESS Open  - Rewal"]
[Date "2012.??.??"]
[Round "5.12"]
[White "Steppuhn, Thomas"]
[Black "Murawko, Katarzyna"]
[Result "0-1"]
[WhiteElo "2039"]
[BlackElo "1859"]
[PlyCount "76"]
[EventDate "2012.??.??"]

1. d4 c5 2. e3 g6 3. Nf3 Bg7 4. b3 Nf6 5. Bb2 O-O 6. Bd3 d6 7. O-O Nc6 8. Nbd2
b6 9. c4 Nb4 10. Bb1 e6 11. a3 Na6 12. Bd3 d5 13. Qe2 Nc7 14. Rac1 Qe7 15. Rc2
Bb7 16. Rfc1 Nd7 17. e4 dxe4 18. Bxe4 Bxe4 19. Qxe4 cxd4 20. Nxd4 Nc5 21. Qf3
e5 22. Nc6 Qd6 23. Rd1 Rfe8 24. b4 Na4 25. Ba1 e4 26. Nxe4 Rxe4 27. Bxg7 Kxg7
28. b5 Rae8 29. g3 Re1+ 30. Rxe1 Rxe1+ 31. Kg2 Ne6 32. Qd5 Qxa3 33. Qd2 Qa1 34.
Ra2 Rg1+ 35. Kf3 Qf6+ 36. Ke3 Nc3 37. f4 Nxa2 38. Ne5 Qd8 0-1

[Event "OPEN B - XVII MIEDZYNARODOWY FESTIWAL S"]
[Site "GOLD CHESS Open  - Rewal"]
[Date "2012.??.??"]
[Round "5.13"]
[White "Malinowski, Damian"]
[Black "Jaskolka, Tomasz"]
[Result "0-1"]
[WhiteElo "1827"]
[BlackElo "2037"]
[PlyCount "60"]
[EventDate "2012.??.??"]

1. c4 e5 2. g3 f5 3. d4 e4 4. Bg2 Nf6 5. Nh3 Bb4+ 6. Bd2 Qe7 7. O-O O-O 8. b3
Bxd2 9. Qxd2 b6 10. e3 Nc6 11. b4 Nd8 12. Nc3 a5 13. b5 Ne6 14. Rfd1 d6 15. Nd5
Qf7 16. Nhf4 Nxf4 17. Nxf4 g5 18. Ne2 Be6 19. c5 Bc4 20. cxb6 cxb6 21. Nc3 d5
22. Bf1 Rfc8 23. Bxc4 Rxc4 24. Ne2 Qh5 25. Kg2 Rac8 26. Rac1 Qf3+ 27. Kf1 Ng4
28. Ng1 Nxh2+ 29. Ke1 Qg2 30. Qe2 Ng4 0-1

[Event "OPEN B - XVII MIEDZYNARODOWY FESTIWAL S"]
[Site "GOLD CHESS Open  - Rewal"]
[Date "2012.??.??"]
[Round "5.14"]
[White "Nun, Grzegorz"]
[Black "Birkenmaier, Rainer"]
[Result "1/2-1/2"]
[WhiteElo "1726"]
[BlackElo "2099"]
[PlyCount "103"]
[EventDate "2012.??.??"]

1. e4 g6 2. d4 Bg7 3. Nc3 c5 4. Nge2 d6 5. Be3 b6 6. f3 Nc6 7. Qd2 Ba6 8. O-O-O
Rc8 9. h4 h5 10. e5 cxd4 11. Nxd4 Bxf1 12. Nxc6 Rxc6 13. Rhxf1 Bxe5 14. Bd4
Bxd4 15. Qxd4 Nf6 16. Ne4 O-O 17. Nxf6+ exf6 18. g4 Rc5 19. b4 Re5 20. f4 Re2
21. gxh5 Qc8 22. Qd3 Qg4 23. hxg6 fxg6 24. Kb1 Kg7 25. Rg1 Rg2 26. Rxg2 Qxg2
27. h5 Rc8 28. hxg6 Qxg6 29. f5 Qg2 30. Rd2 Qg1+ 31. Kb2 Qg4 32. Qxd6 Rf8 33.
a3 Qe4 34. Qg3+ Kf7 35. Qg6+ Ke7 36. Qh7+ Rf7 37. Rd7+ Kxd7 38. Qxf7+ Qe7 39.
Qxe7+ Kxe7 40. Kc3 Kd6 41. Kd4 b5 42. Ke4 Kc6 43. Kd4 Kd6 44. c4 bxc4 45. Kxc4
Ke5 46. b5 Kxf5 47. a4 Ke6 48. a5 Kd6 49. Kd4 f5 50. b6 axb6 51. axb6 Kc6 52.
Ke5 1/2-1/2

[Event "OPEN B - XVII MIEDZYNARODOWY FESTIWAL S"]
[Site "GOLD CHESS Open  - Rewal"]
[Date "2012.??.??"]
[Round "5.15"]
[White "Czernicki, Bogdan"]
[Black "Zminda, Bogdan"]
[Result "1/2-1/2"]
[WhiteElo "1850"]
[BlackElo "2087"]
[PlyCount "41"]
[EventDate "2012.??.??"]

1. d4 Nf6 2. Nf3 g6 3. c4 Bg7 4. Nc3 O-O 5. e4 d6 6. Be2 e5 7. dxe5 dxe5 8.
Qxd8 Rxd8 9. Bg5 Re8 10. O-O-O h6 11. Be3 Ng4 12. Nd5 Na6 13. c5 Nxe3 14. fxe3
c6 15. Bxa6 cxd5 16. Bb5 Rd8 17. exd5 e4 18. Ne1 Bg4 19. Rd2 Rac8 20. c6 bxc6
21. Bxc6 1/2-1/2

[Event "OPEN B - XVII MIEDZYNARODOWY FESTIWAL S"]
[Site "GOLD CHESS Open  - Rewal"]
[Date "2012.??.??"]
[Round "5.16"]
[White "Nowak, Ryszard"]
[Black "Warchol, Maria"]
[Result "1-0"]
[WhiteElo "2046"]
[BlackElo "1841"]
[PlyCount "67"]
[EventDate "2012.??.??"]

1. c4 c6 2. e4 e6 3. d4 d5 4. e5 Ne7 5. Nc3 a6 6. Nf3 Nf5 7. Bd3 dxc4 8. Bxc4
b5 9. Bb3 Bb7 10. O-O Be7 11. Ne4 c5 12. Nxc5 Bxc5 13. dxc5 Qxd1 14. Bxd1 Nd7
15. b4 a5 16. Bd2 axb4 17. Bxb4 Rc8 18. Rc1 Bxf3 19. Bxf3 Nd4 20. Bb7 Ne2+ 21.
Kh1 Nxc1 22. Rxc1 O-O 23. c6 Rfe8 24. Bd6 f6 25. f4 Nb6 26. Rb1 Nd5 27. Rxb5
Rcd8 28. g3 Kf7 29. a4 g5 30. a5 gxf4 31. gxf4 Rg8 32. a6 Nxf4 33. c7 Nh3 34.
cxd8=N+ 1-0

[Event "OPEN B - XVII MIEDZYNARODOWY FESTIWAL S"]
[Site "GOLD CHESS Open  - Rewal"]
[Date "2012.??.??"]
[Round "5.17"]
[White "Obiedzinski, Pawel"]
[Black "Knap, Jerzy"]
[Result "1/2-1/2"]
[WhiteElo "2040"]
[BlackElo "1798"]
[PlyCount "110"]
[EventDate "2012.??.??"]

1. d4 d5 2. c4 e6 3. Nc3 Nf6 4. Nf3 c6 5. cxd5 exd5 6. Qc2 Be7 7. Bg5 Nbd7 8.
e3 h6 9. Bh4 Nh5 10. Bg3 Nxg3 11. hxg3 Nf6 12. Ne5 Ng4 13. Nf3 Be6 14. Bd3 Qa5
15. a3 a6 16. O-O Rc8 17. b4 Qc7 18. Rfc1 Bd6 19. Ne2 O-O 20. Rab1 Qe7 21. Qb3
Qd7 22. a4 Bf5 23. Bxf5 Qxf5 24. Nf4 Rfe8 25. Qd3 Qxd3 26. Nxd3 Nf6 27. Nd2 Nd7
28. Nb3 Rc7 29. Kf1 Nb6 30. Nbc5 Nc4 31. Ke2 Rce7 32. Nb2 Nxb2 33. Rxb2 Rc7 34.
Nd3 a5 35. Rcb1 axb4 36. Nxb4 Bxb4 37. Rxb4 Ree7 38. Rc1 Kf8 39. Kd3 Ke8 40. f3
f5 41. Rc5 Kd7 42. Ra5 Kc8 43. Ra8+ Kd7 44. Rf8 Ke6 45. a5 Rf7 46. Rxf7 Rxf7
47. Rb6 Kd6 48. Ke2 Kc7 49. f4 Rf8 50. Rb2 Rb8 51. Rc2 Kd6 52. Kf3 b6 53. Rb2
Kc7 54. axb6+ Rxb6 55. Ra2 Kb7 1/2-1/2

[Event "OPEN B - XVII MIEDZYNARODOWY FESTIWAL S"]
[Site "GOLD CHESS Open  - Rewal"]
[Date "2012.??.??"]
[Round "5.18"]
[White "Kaluzny, Wlodzimierz"]
[Black "Szeglowski, Tomasz"]
[Result "0-1"]
[WhiteElo "2011"]
[BlackElo "1757"]
[PlyCount "79"]
[EventDate "2012.??.??"]

1. d4 d5 2. Nf3 Bg4 3. e3 Nf6 4. Be2 e6 5. Nbd2 Bd6 6. h3 Bh5 7. b3 O-O 8. Bb2
Nbd7 9. O-O Rc8 10. Ne5 Bxe2 11. Qxe2 c5 12. Nxd7 Nxd7 13. c4 cxd4 14. Bxd4 Be5
15. cxd5 Bxd4 16. exd4 exd5 17. Qb5 Nb6 18. Rac1 Rxc1 19. Rxc1 Qg5 20. Rc2 Qf5
21. Rc3 h6 22. a4 Rc8 23. Rc5 Qe6 24. Nf3 Rc6 25. Rxc6 bxc6 26. Qc5 f6 27. a5
Nc8 28. Qb4 Qd7 29. Qb8 Kf7 30. Ne1 Nd6 31. Nd3 Nb5 32. Qf4 g5 33. Qb8 Nxd4 34.
Qh8 Kg6 35. Qg8+ Qg7 36. Qc8 Qf7 37. g4 Qe6 38. Qf8 Nb5 39. Nb4 Qf7 40. Qc8 0-1